Lịch sử yếu lược phong trào cộng sản và công nhân quốc tế trong thời kỳ hiện đại (1917 - 1967) : Tài liệu tham khảo
Tài liệu đề cấp đến cao trào xây dựng chủ nghĩa xã hội trong phe xã hội chủ nghĩa. Liệt kê các cao trào giải phóng dân tộc khắp Châu Á - Phi - Mỹ Latinh.
সংরক্ষণ করুন:
| প্রধান লেখক: | |
|---|---|
| বিন্যাস: | গ্রন্থ |
| ভাষা: | Undetermined |
| প্রকাশিত: |
Hà Nội
Giáo dục
1969
|
| বিষয়গুলি: | |
| ট্যাগগুলো: |
ট্যাগ যুক্ত করুন
কোনো ট্যাগ নেই, প্রথমজন হিসাবে ট্যাগ করুন!
|
| Thư viện lưu trữ: | Trung tâm Học liệu Trường Đại học Cần Thơ |
|---|
| LEADER | 00971nam a2200205Ia 4500 | ||
|---|---|---|---|
| 001 | CTU_153447 | ||
| 008 | 210402s9999 xx 000 0 und d | ||
| 082 | |a 324.175 | ||
| 082 | |b S111/T.3 | ||
| 100 | |a Lê, Văn Sáu | ||
| 245 | 0 | |a Lịch sử yếu lược phong trào cộng sản và công nhân quốc tế trong thời kỳ hiện đại (1917 - 1967) : | |
| 245 | 0 | |b Tài liệu tham khảo | |
| 245 | 0 | |c Lê Văn Sáu, Nguyễn Xuân Kỳ | |
| 260 | |a Hà Nội | ||
| 260 | |b Giáo dục | ||
| 260 | |c 1969 | ||
| 520 | |a Tài liệu đề cấp đến cao trào xây dựng chủ nghĩa xã hội trong phe xã hội chủ nghĩa. Liệt kê các cao trào giải phóng dân tộc khắp Châu Á - Phi - Mỹ Latinh. | ||
| 650 | |a Labor and laboring classes,Communist parties,Chủ nghĩa cộng sản | ||
| 904 | |i Giang | ||
| 980 | |a Trung tâm Học liệu Trường Đại học Cần Thơ | ||